Das Organische Chemie Multiple-Choice Quiz - Statistiken

Allgemein
  • Dieses Quiz wurde 534 mal gespielt
  • Das Durchschnittsergebnis liegt bei 10 aus 12
Antwortstatistiken
Frage Antwort % Korrekt
Welcher Stoff gehört zur Gruppe der Alkohole? Ethanol
97%
Welche der folgenden Verbindungen enthält Wasserstoff und Kohlenstoff? Methan
95%
Was ist eine Hauptcharakteristik von organischen Verbindungen? Sie bestehen hauptsächlich aus Wasserstoff und Kolenstoff
93%
Was unterscheidet Alken von Alkan Alkene enthalten eine Doppelbindung zwischen Kohlenstoffatomen, während Alkane nur Einfachbindungen enthalten
91%
Welche Verbindung gehört zur Gruppe der Alkohole? Methanol
91%
Was sind typische Eigenschaften von Alkenen? Sie enthalten mindestens ein Kohlenstoff-Kohlenstoff-Doppelbindung
89%
Wie viele Kohlenstoffatome enthält Propan? 3
88%
Welche Formel hat Methan CH4
86%
Welche der folgenden Verbindungen gehört zu den organischen Stoffen? Methan
84%
Was gehört zu den Kohlenwasserstoffen? Alkane
79%
Welche der folgenden Verbindungen enthält eine Carboxylgruppe? Essigsäure
67%
Welches der Folgenden Stoffen ist ein Alkan? Methan
28%
Keine übereinstimmenden Quizze gefunden
Verteilung der Resultate
Anzahl Personen mit jedem Resultat
Perzentil nach korrekt beantworteten Fragen
Ihre Resultats-Entwicklung
Sie haben dieses Quiz noch nicht gespielt